| 000 | 00710nam a22002177a 4500 | ||
|---|---|---|---|
| 999 |
_c157775 _d157775 |
||
| 005 | 20180929121111.0 | ||
| 010 | _aENG-124131 | ||
| 020 |
_a9789387472938 _c495.00 |
||
| 035 | _aEN-107663 | ||
| 037 | _bDBAD/PUB | ||
| 082 | _a658.1511 | ||
| 100 | _aSinghvi M.M. | ||
| 245 |
_aManagement accounting: _cby M.M. Singhvi [and] Ruzbeh J. Bodhanwala _btext and cases / |
||
| 250 | _a3rd ed. | ||
| 260 |
_c2018 _aDelhi _bPHI Learning Pvt. Ltd. |
||
| 270 |
_bDelhi _aRimjhim House, 111, Patparganj Industrial Estate, _e110092 |
||
| 300 |
_axv,423p. _c26cm.(pbk) _bill. |
||
| 500 | _aIt includes Appendix 1 to 3 and index | ||
| 700 | _a Bodhanwala, Ruzbeh J. | ||
| 942 |
_2ddc _cEN _h658.1511 _mSIN |
||